LEADER 01008oam 2200289z- 450 001 9910154825103321 005 20180629082621.0 010 $a1-68103-298-8 035 $a(CKB)3710000000972248 035 $a(EXLCZ)993710000000972248 100 $a20190224c2017uuuu -u- - 101 0 $aeng 200 10$aLemony Snicket /$fby Chris Bowman 210 $cBellwether Media 311 $a1-62617-551-9 330 $a"Leveled text and full-color photographs introduce readers to Lemony Snicket. Developed by literacy experts for students in second through fifth grade"--$cProvided by publisher. 606 $aAuthors, American$y21st century$vBiography$vJuvenile literature 606 $aChildren's stories$xAuthorship$vJuvenile literature 615 0$aAuthors, American 615 0$aChildren's stories$xAuthorship 676 $a813/.54 676 $aB 700 $aBowman$b Chris$f1990-$01244943 906 $aBOOK 912 $a9910154825103321 996 $aLemony Snicket$92895300 997 $aUNINA LEADER 01276nas 2200433- 450 001 996321571103316 005 20210920213022.0 011 $a1314-412X 035 $a(DE-599)ZDB2907795-3 035 $a(OCoLC)985055212 035 $a(CKB)2670000000120532 035 $a(CONSER)--2018252037 035 $a(EXLCZ)992670000000120532 100 $a20170410a20099999 --- - 101 0 $aeng 135 $aur|n||||||||| 181 $ctxt$2rdacontent 182 $cc$2rdamedia 183 $acr$2rdacarrier 200 10$aAgricultural science and technology 210 1$aStara Zagora, Bulgaria :$cFaculty of Agriculture, Trakia University,$d[2009-] 215 $a1 online resource 300 $aRefereed/Peer-reviewed 311 $a1313-8820 517 1 $aAscitech 517 1 $aAST 531 0 $aAgric. sci. technol. 606 $aAgriculture$vPeriodicals 606 $aAgriculture$2fast$3(OCoLC)fst00801355 608 $aPeriodicals.$2fast 608 $aPeriodicals.$2lcgft 610 $aAgriculture - General 615 0$aAgriculture 615 7$aAgriculture. 712 02$aTraki?ski universitet.$bAgraren fakultet, 906 $aJOURNAL 912 $a996321571103316 996 $aAgricultural science and technology$92003786 997 $aUNISA